| 000 | 01131nam a2200325Ia 4500 | ||
|---|---|---|---|
| 003 | OSt | ||
| 005 | 20221007120936.0 | ||
| 006 | a|||||r|||| 00| 0 | ||
| 007 | ta | ||
| 008 | 221006b |||||||| |||| 00| 0 eng d | ||
| 020 | _a9781405126793 (pbk) | ||
| 024 | _a84149 | ||
| 037 |
_b362, 02/01/2009, Ashutosh Technical Books _cTextbook |
||
| 040 |
_aBDL _cBDL _beng |
||
| 041 |
_2eng _aeng |
||
| 082 | _aI:2, P8 Carb | ||
| 100 |
_aCutler David F _9710322 |
||
| 245 | 0 |
_aPlant Anatomy:an applied approach _b Botha Ted Stevenson Dennis Wm |
|
| 260 |
_aOxford _bBlackwell Publishing _c2008 |
||
| 300 |
_avii, 302p. _ccm. |
||
| 500 | _a''Appendices 1-2, 195-241p''.; ''Glossary 242-279p''.; ''References 280-286p''.; ''Index 287-302p''. | ||
| 650 |
_a Cortex _9710323 |
||
| 650 |
_a Pericycle _9710324 |
||
| 650 |
_a The root _9710325 |
||
| 650 | _aBotany | ||
| 700 |
_a Botha Ted _9710326 |
||
| 700 |
_a Stevenson Dennis Wm _9710327 |
||
| 942 |
_hI:2, P8 Carb _cTB _2CC |
||
| 999 |
_c1208222 _d1208222 |
||